Dünya-ekonomi sistemi bağlamında XIX. yüzyılda Beyrut Limanı / (Record no. 15912)

MARC details
000 -BAŞLIK
Sabit Uzunlukta Kontrol Alanı 01076nam a22002777a 4500
999 ## - SİSTEM KONTROL NUMARALARI (KOHA)
Koha Biblionumber 15912
Koha Biblioitemnumber 15912
003 - KONTROL NUMARASI IDENTIFIER
Denetim Alanı MIRAKIL
005 - SON İŞLEM TARİHİ VE ZAMANI
Denetim Alanı 20240419163714.0
008 - SABİT-BOY VERİ ELEMANLARI - GENEL BİLGİLER
Sabit Uzunlukta Kontrol Alanı 240419b tu ||||| |||| 00| 0 tur d
020 ## - ULUSLARARASI STANDART KİTAP NUMARASI
Uluslararası Standart Kitap Numarası 9789751754493
040 ## - KATALOGLAMA KAYNAK
Orijinal Kataloglama Ajansı TR-AnCHP
Metne Dönüştürmek Ajansı TR-AnCHP
041 ## - DİL KODU
Metin / Ses Parça Veya Ayrı Başlığın Dil Kodu tur
082 ## - DEWEY ONLU SINIFLANDIRMA NUMARASI
Sınıflandırma Numarası 337
Ürün Numarası D36d 2023
100 ## - ANA GİRİŞ - KİŞİSEL İSİM
Kişisel Ad Dereci, Şeyma
245 10 - BAŞLIK TABLOSU
Başlık Dünya-ekonomi sistemi bağlamında XIX. yüzyılda Beyrut Limanı /
Sorumluluk Tablosu, Vb Şeyma Dereci.
246 ## - UNVAN FORM VARYING
Başlık Doğru / Kısa Başlığı XIX. yüzyılda Beyrut Limanı
246 ## - UNVAN FORM VARYING
Başlık Doğru / Kısa Başlığı 19. yüzyılda Beyrut Limanı
246 ## - UNVAN FORM VARYING
Başlık Doğru / Kısa Başlığı On Dokuzuncu yüzyılda Beyrut Limanı
246 ## - UNVAN FORM VARYING
Başlık Doğru / Kısa Başlığı Beirut port in the XIXᵗʰ century in the context of the world-economy system
260 ## - YAYIN, DAĞITIM, VB
Yayın, Dağıtım, Vb Yeri Ankara :
Yayıncı, Dağıtıcı, Vs Adı Türk Tarih Kurumu,
Yayın, Dağıtım, Vb Tarihi 2023.
300 ## - FİZİKSEL TANIM
Kapsam xvi, 355 sayfa :
Diğer Fiziksel Ayrıntıları harita, grafik, tıpkıbasım, tablo ;
Boyutlar 21 cm.
490 0# - SERİSİ TABLOSU
Seri Beyanı Türk Tarih Kurumu yayınları ;
Hacim / Ardışık Tanımı IV/A-2-2.3.3. dizi - sayı 7
504 ## - KAYNAKÇA VB NOT
Kaynakça Vb Notu Bibliyografya s. [295]-321.
650 #0 - KONU KATMA GİRİŞ - TOPİKAL DÖNEM
9 (RLIN) 7733
Topikal Süreli Veya Coğrafi Ad Giriş Elemanı Ekonomi
Genel Alt Bölümü Limanlar
Coğrafi Alt Bölümü Beyrut
856 ## - ELEKTRONİK YER VE ERİŞİM
Kamu Notu Dijital Nüshası için Partimizin Kütüphane Sorumlusu ile iletişime geçiniz.
942 ## - EKLENDİ GİRİŞ ELEMANLARI (KOHA)
Sınıflandırma Veya Raf Düzeni Kaynak Dewey Decimal Classification
Koha Öğesi Türü Books
Holdings
Kalıcı Konum Mevcut Konum Edinme Tarihi Toplam Check-Out'Lar Tam Çağrı Numarası Barkod Tarih Son Görülme İtibaren Geçerli Fiyatlar Koha Öğesi Türü
CHP Kütüphanesi CHP Kütüphanesi 04/19/2024   337 D36d 2023 21863 04/19/2024 04/19/2024 Books